U.S. States With The Most Mormons - Statistics

General Stats
  • This quiz has been taken 141 times
  • The average score is 14 of 15
Answer Stats
Percentage Of Mormons State % Correct
67.70% Utah
100%
1.97% California
98%
3.76% Oregon
97%
3.94% Washington
97%
11.53% Wyoming
97%
6.10% Arizona
96%
6.21% Nevada
95%
2.74% Colorado
94%
26.42% Idaho
93%
3.35% New Mexico
92%
4.81% Montana
90%
1.30% Nebraska
84%
4.56% Alaska
80%
5.17% Hawaii
80%
1.49% North Dakota
78%
No matching quizzes found
Score Distribution
Percent of People with Each Score
Percentile by Number Answered
Your Score History
You have not taken this quiz